000 00468nam a2200193Ia 4500
005 20250425161145.0
008 250425s9999 xx 000 0 und d
041 _aspa
082 _a550.9866
100 _aSAUER, WALTHER
245 0 _aGEOLOGIA DEL ECUADOR
250 _a1A ED.
260 _aEcuador
_bTALLERES GRAFICOS DEL MINISTERIO DE EDUCACION
_c1965
260 _aQUITO
300 _a383
650 _aGEOLOGIA-ECUADOR
942 _c01
010 _a13973
999 _c203560
_d203560